| 000 | 02517cam a2200349 a 4500 | ||
|---|---|---|---|
| 003 | EG-GiCUC | ||
| 005 | 20250223032635.0 | ||
| 008 | 201123s2020 ua dh f m 000 0 eng d | ||
| 040 |
_aEG-GiCUC _beng _cEG-GiCUC |
||
| 041 | 0 | _aeng | |
| 049 | _aDeposite | ||
| 097 | _aPh.D | ||
| 099 | _aCai01.11.25.Ph.D.2020.Ah.D | ||
| 100 | 0 | _aAhmed Hamdi Ali | |
| 245 | 1 | 0 |
_aDifferent methods of treatment of distal radius fracture including external fixator with kirschner wires augmentation and internal fixation / _cAhmed Hamdi Ali ; Supervised Nasser Othman Elkoussy , Ahmed Samir Barakat , Tarek Abdulkhalek |
| 246 | 1 | 5 | _aالطرق المختلفة لعلاج كسر أسفل عظمة الكعبرة باستخدام المثبت الخارجى و الاسلاك المعدنية او باستخدام التثبيت الداخلى |
| 260 |
_aCairo : _bAhmed Hamdi Ali , _c2020 |
||
| 300 |
_a154 P . : _bcharts , facsmilies ; _c25cm |
||
| 502 | _aThesis (Ph.D.) - Cairo University - Faculty of Medicine - Department of Orthopedic Surgery | ||
| 520 | _aDistal radius fractures are the most common fractures of the upper extremity, representing approximately one-sixth of all fractures treated in the emergency room. Falling on the out-stretched hand is the most common mode of trauma. Various classification systems are used to classify distal radius fractures; in this study, the AO classification system was used. There are different methods for treatment of this type of fractures including casting, percutaneous pinning, ORIF by plate and screws, external fixation with or without K-wires augmentation and a combination of the above methods.In this study, forty patients with intra-articular fracture distal radius were managed over 18 months , 20 patients were managed by ORIF with plating and the other 20 patients were managed by external fixator with K-wires augmentation , 34 patients were males and 6 were females with age ranging from 22 to 83 years with a mean of 39.8. Green & O{u2019}Brien and Sarmiento scoring systems were used in assessment of the patients | ||
| 530 | _aIssued also as CD | ||
| 653 | 4 | _aDistal radius fracture | |
| 653 | 4 | _aExternal fixator | |
| 653 | 4 | _aKirschner wires augmentation | |
| 700 | 0 |
_aAhmed Samir Barakat , _eSupervisor |
|
| 700 | 0 |
_aNasser Othman Elkoussy , _eSupervisor |
|
| 700 | 0 |
_aTarek Abdulkhalek , _eSupervisor |
|
| 856 | _uhttp://172.23.153.220/th.pdf | ||
| 905 |
_aAmira _eCataloger |
||
| 905 |
_aNazla _eRevisor |
||
| 942 |
_2ddc _cTH |
||
| 999 |
_c78930 _d78930 |
||